Statistiques concernant Pays par image de dirigeant - 1980

Cliquez ici pour prendre le quiz!

Statistiques générales

  • Ce quiz a été pris 193 fois
  • Le résultat moyen est 8 sur 16

Statistiques - réponses

Réponse% Correct
Royaume-Uni
95%
France
93%
Etats-Unis
90%
Iran
90%
Chine
89%
Irak
72%
Union soviétique
61%
Inde
53%
Roumanie
38%
Libye
35%
Chili
30%
Argentine
28%
Israël
26%
Pologne
17%
Allemagne de l'Est
16%
Italie
7%

Distribution des résultats

Percentile par nombre de réponses

% des personnes avec chaque résultat

Votre développement - résultats

Vous n’avez pas pris ce quiz